UM Logo

Sociologically examined life: (Record no. 4440)

MARC details
000 -LEADER
fixed length control field 00590nam a22001817a 4500
008 - FIXED-LENGTH DATA ELEMENTS--GENERAL INFORMATION
fixed length control field 160910b xxu||||| |||| 00| 0 eng d
020 ## - INTERNATIONAL STANDARD BOOK NUMBER
International Standard Book Number 0-7674-1641-4
082 ## - DEWEY DECIMAL CLASSIFICATION NUMBER
Edition number 2001
Classification number DC 301.01
Item number Sch9s
100 ## - MAIN ENTRY--PERSONAL NAME
9 (RLIN) 14322
Personal name Schwalbe, Michael
245 ## - TITLE STATEMENT
Title Sociologically examined life:
Remainder of title pieces of the conversation/
Statement of responsibility, etc. Michael Schwalbe.
250 ## - EDITION STATEMENT
Edition statement 2nd edition
260 ## - PUBLICATION, DISTRIBUTION, ETC. (IMPRINT)
Place of publication, distribution, etc. California:
Name of publisher, distributor, etc. Mayfield Pub.,
Date of publication, distribution, etc. c2001.
300 ## - PHYSICAL DESCRIPTION
Extent xvi, 213 pages;
Dimensions 22 cm.
500 ## - GENERAL NOTE
General note Includes index.
650 #0 - SUBJECT ADDED ENTRY--TOPICAL TERM
9 (RLIN) 14323
Topical term or geographic name as entry element Sociology
Form subdivision Methodology
650 #0 - SUBJECT ADDED ENTRY--TOPICAL TERM
9 (RLIN) 14324
Topical term or geographic name as entry element Sociology
General subdivision Philosophy
942 ## - ADDED ENTRY ELEMENTS (KOHA)
Source of classification or shelving scheme Dewey Decimal Classification
Koha item type Circulation
Holdings
Withdrawn status Lost status Source of classification or shelving scheme Damaged status Not for loan Collection code Home library Current library Date acquired Total Checkouts Full call number Barcode Date last seen Copy number Price effective from Koha item type Shelving location Date last checked out
    Dewey Decimal Classification     Circulation UM Digos College - LIC UM Digos College - LIC 04/21/2006   DC 301.01 Sch9s 2001 18509 05/15/2025 1 09/10/2016 Circulation    
    Dewey Decimal Classification     Circulation UM Digos College - LIC UM Digos College - LIC 04/21/2006 1 DC 301.01 Sch9s 2001 18510 05/15/2025 2 09/10/2016 Circulation Book Cart 09/27/2018